Una perspectiva teórica-metodológica de la intervención en trabajo social
Guardat en:
| Autor principal: | |
|---|---|
| Format: | Llibre |
| Idioma: | espanyol |
| Publicat: |
Buenos Aires, Argentina:
Espacio,
1998.
|
| Edició: | 1ª edición. |
| Col·lecció: | Colección Ciencias Sociales
|
| Matèries: | |
| Etiquetes: |
Afegir etiqueta
Sense etiquetes, Sigues el primer a etiquetar aquest registre!
|
MARC
| LEADER | 00000nam a2200000 a 4500 | ||
|---|---|---|---|
| 001 | UCQ8631 | ||
| 003 | CL-VaPUC | ||
| 005 | 20221219112424.0 | ||
| 008 | 981210e19980000AG |||||||||||||||||spa|d | ||
| 999 | |c 277845 |d 277843 | ||
| 020 | |a 950-802-078-4 | ||
| 040 | |c Pontificia Universidad Católica de Valparaíso | ||
| 082 | 0 | 4 | |a 361.001 ROZ 1998 |b |2 21 |
| 100 | 0 | |a Rozas Pagaza, Margarita |e autora |9 422711 | |
| 245 | 1 | 4 | |a Una perspectiva teórica-metodológica de la intervención en trabajo social |
| 250 | |a 1ª edición. | ||
| 260 | |a Buenos Aires, Argentina: |b Espacio, |c 1998. | ||
| 300 | |a 118 páginas. | ||
| 490 | 0 | |a Colección Ciencias Sociales | |
| 583 | |a last modification |c 20170616 09:48:44 |k Rodrigo Vera | ||
| 650 | 0 | |a Trabajo social |9 307856 | |
| 650 | 0 | |a Metodología |9 256610 | |
| 650 | 0 | |a Bienestar social |9 255298 | |
| 650 | 0 | |a Modernidad |9 265371 | |
| 650 | 0 | |a Desarrollo social |9 264534 | |
| 942 | |c BK |2 ddc | ||
| 945 | |d 19981210 00:00:00 |a aarredon | ||
| 952 | |0 0 |1 0 |4 0 |6 361_001000000000000_ROZ_1998 |7 0 |8 A |9 316081 |a BIBGIM |b BIBGIM |d 2019-11-20 |i 3786536 |l 3 |m 3 |o 361.001 ROZ 1998 |p 3786536 |r 2025-01-15 |s 2024-03-20 |w 2019-11-20 |y BK |k SSL | ||
| 952 | |0 0 |1 0 |2 ddc |4 0 |6 361_001000000000000_ROZ_1998 |7 0 |8 A |9 588290 |a BIBGIM |b BIBGIM |c GEN |d 2022-12-19 |e 3 |g 41871.20 |i 5656084 |l 2 |o 361.001 ROZ 1998 |p 5656084 |r 2024-01-16 |s 2023-09-06 |t 5 |v 41871.20 |w 2022-12-19 |y BK |k SSL | ||
| 952 | |0 0 |1 0 |2 ddc |4 0 |6 361_001000000000000_ROZ_1998 |7 0 |8 A |9 588291 |a BIBGIM |b BIBGIM |c GEN |d 2022-12-19 |e 3 |g 41871.20 |i 5656083 |l 4 |o 361.001 ROZ 1998 |p 5656083 |q 2025-04-30 |r 2025-04-23 |s 2025-04-23 |t 4 |v 41871.20 |w 2022-12-19 |y BK |k SSL | ||
| 952 | |0 0 |1 0 |2 ddc |4 0 |6 361_001000000000000_ROZ_1998 |7 0 |8 A |9 588292 |a BIBGIM |b BIBGIM |c GEN |d 2022-12-19 |e 3 |g 41871.20 |i 5656085 |l 3 |m 1 |o 361.001 ROZ 1998 |p 5656085 |r 2025-05-02 |s 2025-04-23 |t 6 |v 41871.20 |w 2022-12-19 |y BK |k SSL | ||
| 952 | |0 0 |1 0 |2 ddc |4 0 |6 361_001000000000000_ROZ_1998 |7 0 |8 A |9 588293 |a BIBGIM |b BIBGIM |c GEN |d 2022-12-19 |e 3 |g 41871.20 |i 5656082 |l 3 |m 1 |o 361.001 ROZ 1998 |p 5656082 |r 2025-01-15 |s 2024-04-15 |t 3 |v 41871.20 |w 2022-12-19 |y BK |k SSL | ||
| 952 | |0 0 |1 0 |2 ddc |4 0 |6 361_001000000000000_ROZ_1998 |7 0 |8 A |9 588303 |a BIBGIM |b BIBGIM |c GEN |d 2022-12-19 |e 3 |g 41871.20 |i 5656093 |l 1 |o 361.001 ROZ 1998 |p 5656093 |r 2025-01-15 |s 2023-09-13 |t 7 |v 41871.20 |w 2022-12-19 |y BK |k SSL | ||